Acabados de construcción / (Registro nro. 9756)
[ vista simple ]
| 000 -LEADER | |
|---|---|
| Campo de control de longitud fija | 01253nam a22003137a 4500 |
| 003 - IDENTIFICADOR DEL NÚMERO DE CONTROL | |
| Campo de control | PE SENCICO BE |
| 005 - FECHA Y HORA DE LA ÚLTIMA TRANSACCIÓN | |
| Campo de control | 20260224164443.0 |
| 008 - ELEMENTOS DE LONGITUD FIJA - INFORMACIÓN GENERAL | |
| Campo de control de longitud fija | 251113b |||||||| |||| 00| 0 eng d |
| 017 ## - NÚMERO DEL REGISTRO DE DERECHOS DE AUTOR O DEL DEPÓSITO LEGAL | |
| Fuente | 2009-14785 |
| 020 ## - ISBN | |
| ISBN | 978-9972-209-98-7 |
| 040 ## - FUENTE DE CATALOGACIÓN | |
| Origen de catalogación | PE SENCICO BE |
| Agencia que realiza la transcripción | PE SENCICO BE |
| 041 ## - CÓDIGO DE IDIOMA | |
| Idioma del texto | spa |
| 082 ## - NÚMERO DE CLASIFICACIÓN DECIMAL DEWEY | |
| Código de Clasificación Dewey | 698 |
| Notación Interna | A81 |
| 100 1# - ASIENTO PRINCIPAL--NOMBRE PERSONAL | |
| Autor Personal | Asensio, Óscar |
| 9 (RLIN) | 18 |
| Término relacionado | autor |
| 245 1# - MENCIÓN DEL TITULO | |
| Título | Acabados de construcción / |
| Mención de responsabilidad | Oscar Asensio, editor: Yanina Vanesa Arruiz |
| 250 ## - MENCIÓN DE EDICIÓN | |
| Edición | [1a ed.] |
| 260 ## - PUBLICACIÓN, DISTRIBUCIÓN, ETC. (PIE DE IMPRENTA) | |
| Lugar de publicación, distribución, etc. | Barcelona : |
| Nombre de la Editorial, Distribuidor, etc. | Lexus editores, |
| Fecha de publicación, distribución, etc. | 2010 |
| 300 ## - DESCRIPCIÓN FÍSICA | |
| Paginación | 255 páginas : |
| Otros detalles físicos | ilustraciones ; |
| Dimensión | 34 cm. |
| 505 0# - NOTA DE CONTENIDO CON FORMATO PREESTABLECIDOE | |
| Contenido o índice | Suelos -- Paredes -- Techos -- Fachadas |
| 520 3# - NOTA DE RESUMEN, ETC. | |
| Resumen, etc. | En un proceso constructivo el revestimiento es la etapa en la que se trabaja sobre las superficies para darles determinadas características relacionadas con la funcionalidad y la apariencia de cada sector,. Constituyendo las tareas orientadas a proporcionar comodidad y estética. |
| 650 10 - ASIENTO SECUNDARIO DE MATERIA - TERMINO TEMÁTICO | |
| Término de tema o elemento de entrada de nombre geográfico | Acabados |
| 9 (RLIN) | 373 |
| 650 20 - ASIENTO SECUNDARIO DE MATERIA - TERMINO TEMÁTICO | |
| Término de tema o elemento de entrada de nombre geográfico | Arquitectura de viviendas |
| 9 (RLIN) | 409 |
| 650 20 - ASIENTO SECUNDARIO DE MATERIA - TERMINO TEMÁTICO | |
| Término de tema o elemento de entrada de nombre geográfico | Diseño de interiores |
| 9 (RLIN) | 315 |
| 650 20 - ASIENTO SECUNDARIO DE MATERIA - TERMINO TEMÁTICO | |
| Término de tema o elemento de entrada de nombre geográfico | Industria de la construcción |
| 9 (RLIN) | 355 |
| 650 20 - ASIENTO SECUNDARIO DE MATERIA - TERMINO TEMÁTICO | |
| Término de tema o elemento de entrada de nombre geográfico | Proceso constructivo |
| 9 (RLIN) | 426 |
| 700 1# - ASIENTO SECUNDARIO--NOMBRE PERSONAL | |
| Autor Personal | Arruiz, Yanina Vanesa |
| 9 (RLIN) | 32 |
| Término de relación | autor |
| 910 ## - RESPONSABLE DEL REGISTRO | |
| Coordinador de procesamiento de la información | hfp |
| 942 ## - ELEMENTOS DE KOHA | |
| Fuente de clasificación o esquema de estanterías | Dewey Decimal Classification |
| Tipo de documento | Libros |
| 999 ## - | |
| -- | 9756 |
| -- | 9756 |
| Estado Retiro | Estado Perdido | Sistema de Clasificación o Esquema de Estantería | Estado Dañado | No es para préstamo | Ubicación Permanente | Ubicación Actual | Fecha de adquisición | Total Checkouts | Signatura topográfica completa | Código de Barras | Date last seen | Precio efectivo desde | Tipo de ítem |
|---|---|---|---|---|---|---|---|---|---|---|---|---|---|
| Dewey Decimal Classification | Biblioteca Arequipa | Biblioteca Arequipa | 13/11/2025 | 698/A81 | BibZareq25112514 | 13/11/2025 | 13/11/2025 | Libros |